What UK Rollercoaster? - Statistics

General Stats
  • This quiz has been taken 397 times
  • The average score is 24 of 34
Answer Stats
Picture Answer % Correct
Nemesis
99%
Stealth
97%
The Smiler
93%
Vampire
90%
Galactica
86%
Rita
85%
SAW: The Ride
85%
Colossus
84%
Icon
82%
The Swarm
82%
Hero
80%
Nemesis Inferno
78%
Wicker Man
76%
Oblivion
75%
The Big One
74%
Th13teen
73%
Mumbo Jumbo
70%
Steeplechase
69%
Spinball Whizzer
66%
The Walking Dead: The Ride
66%
Grand National
65%
Mandrill Mayhem
65%
Revolution
64%
Runaway Mine Train
64%
Tidal Wave
64%
Avalanche
62%
Flying Fish
62%
Infusion
57%
The Dragon
55%
Storm Chaser
54%
Scorpion Express
51%
Kumali
50%
The Cobra
45%
Dino Chase
39%
No matching quizzes found
Score Distribution
Percent of People with Each Score
Percentile by Number Answered
Your Score History
You have not taken this quiz